| 000 | 007610000a22002410004500 | ||
|---|---|---|---|
| 003 | LK-CoMWRAF | ||
| 005 | 20231102153659.0 | ||
| 008 | 230817t ||||| |||| 00| 0 eng d | ||
| 020 | _a8120713990 | ||
| 040 |
_aLK-CoMWRAF _dLK-CoMWRAF _eLK-CoMWRAF |
||
| 041 | _aeng | ||
| 082 |
_a305.4 _bKAU |
||
| 100 | _aKaur, Manmohan | ||
| 245 | _aWomen in India's Freedom Struggle | ||
| 250 | _a3rd ed. | ||
| 260 |
_aNew Delhi _bSPPL _c1985 |
||
| 300 |
_a viii, 282 p., [12] p. of plates : ill., ports. ; 23 cm. _bBibliography, glossary and index included |
||
| 650 | _aWOMEN-India--Social conditions | ||
| 650 | _aWomen social reformers--India--History. | ||
| 650 | _aWomen in public life--India--History | ||
| 650 | _aPolitics and government-India | ||
| 942 | _cBK | ||
| 999 |
_c570 _d570 |
||